01011naa a22002657a 4500001001000000003000900010005001700019007000300036008003400039040005400073041000900127072001400136100001700150100001900167100001900186100001400205111009500219245009200314260004200406500012200448650000900570650002500579650002200604773011900626BR8700557BR-BrBNA20240918175736.0ta230509b bl.||||| |||| 00| 0 por d aBR-BrBNAbporcBiblioteca Nacional de Agricultura a(Pt) aH20b21201 aAviles, D.P.1 aMatiello, J.B.1 aPinheiro, M.R.1 aMansk, Z.1 a10. Congresso Brasileiro de Pesquisas CafeeirascPocos de Caldas, MG (Brazil)d29 Aug 19831 aDiversos graus de resistencia do cafe conilon a mancha manteigosa em condicoes de campo3 aRio de Janeiro, RJ (Brasil): c1983.  aAnais do 10. Congresso Brasileiro de Pesquisas Cafeeiras Rio de Janeiro, RJ (Brasil): 1983. p. 317 (BR8700557-AM)H20  aCAFE aVARIEDADE RESISTENTE aMANCHA MANTEIGOSA0 tAnais do 10. Congresso Brasileiro de Pesquisas CafeeiraswH20 BR8700557gRio de Janeiro, RJ (Brasil), 1983. p. 317